000 00780nam a2200289Ia 4500
005 20260324125303.0
008 008 260324s9999 xx 000 0 eng d
020 _a9780429138287
037 _aEBOOK
040 _aCRL
040 _beng
040 _cCRL
041 _2eng
041 _aeng
084 _qCRL
100 _aF. Patrick McCluskey; Peter Sandborn; Satyandra K. Gupta; Edward B. Magrab
_91177410
245 0 _aIntegrated Product and Process Design and Development
245 4 _bThe Product Realization Process, Second Edition
260 _bTaylor and Francis
260 _c2009
365 _a
365 _b355
856 _uhttp://www.taylorfrancis.com/books/9780429138287
942 _cEBOOK
999 _c1772522
_d1772522